| 000 | 00529nam a2200145Ia 4500 | ||
|---|---|---|---|
| 008 | 170221s9999 xx 000 0 und d | ||
| 100 | _aOmar Ikbal Tawfik | ||
| 245 | 4 | _aThe Extend of Applying the Extensible Business Reporting Language at Jordanian Industrial Companies | |
| 245 | _cOmar Ikbal Tawfik, Ahmad Faisal Hayek, Ahnaf Ali Al-Smadi | ||
| 260 | _bInternational Review of Management and Marketing | ||
| 260 | _c2017 | ||
| 300 | _a7 : 1 | ||
| 650 | _xMarketing. | ||
| 856 | _uhttp://www.econjournals.com/index.php/irmm | ||
| 999 |
_c308049 _d308049 |
||